00345nam a2200109Ia 4500008004000000020001500040082001900055100003300074245008600107260003100193300001100224210210b2003 xxu||||| |||| 00| 0 eng d a0521540798 a574.87328 DURB aDURBIN (Richard) and others. aBiological sequence analysis: probabilistic models of proteins and nucleic acids. aCambridgebCambridgec2003 axi,356